The Blueprint - JAY-Z - Statistics

General Stats
  • This quiz has been taken 9 times
  • The average score is 7 of 15
Answer Stats
Songs Plays Artists % Correct
Izzo (H.O.V.A.) 88,211,509 JAY-Z
100%
Renegade 160,071,997 JAY-Z, Eminem
78%
Heart Of The City (Ain't No Love) 80,656,563 JAY-Z
67%
Girls, Girls, Girls 32,928,958 JAY-Z
56%
Song Cry 35,842,576 JAY-Z
56%
Takeover 21,798,200 JAY-Z
56%
The Ruler's Back 17,000,922 JAY-Z
56%
Blueprint (Momma Loves Me) 7,214,249 JAY-Z
44%
Hola' Hovito 11,222,634 JAY-Z
44%
Jigga That N*gga 8,820,854 JAY-Z
44%
Never Change 14,577,915 JAY-Z
44%
U Don't Know 34,676,361 JAY-Z
33%
All I Need 8,847,568 JAY-Z
22%
Girls, Girls, Girls (Part 2) 6,014,244 JAY-Z
22%
Lyrical Exercise 5,637,482 JAY-Z
22%
No matching quizzes found
Score Distribution
Percent of People with Each Score
Percentile by Number Answered
Your Score History
You have not taken this quiz